Statistiken für Hochschulen in Thüringen

Klicken Sie hier um das Quiz zu spielen!

Allgemein

  • Dieses Quiz wurde 5 mal gespielt
  • Das Durchschnittsergebnis liegt bei 2 aus 14

Antwortstatistiken

GründungHochschulen/Unis% Korrekt
1392Universität Erfurt
60%
1860Bauhaus-Universität Weimar
20%
1998Duale Hochschule Gera-Eisenach
20%
1558Friedrich-Schiller-Universität Jena
20%
1902Hochschule Schmalkalden
20%
1894Technische Universität Ilmenau
20%
1991Ernst-Abbe-Hochschule Jena
0%
1946Fachhochschule Erfurt
0%
1994Fachhochschule für öffentliche Verwaltung
0%
2020HMU Health and Medical University
0%
1872Hochschule für Musik Franz Liszt Weimar
0%
1997Hochschule Nordhausen
0%
2008IU Internationale Hochschule
0%
2006SRH Hochschule für Gesundheit Gera
0%

Verteilung der Resultate

Perzentil nach korrekt beantworteten Fragen

Anzahl Personen mit jedem Resultat

Ihre Resultats-Entwicklung

Sie haben dieses Quiz noch nicht gespielt